Neue Richtungen in der tschechoslowakischen Ökonomie

Na minha lista:
Detalhes bibliográficos
Formato: Periódico
Idioma:alemão
Publicado em: Prag Pragopress 1968
Tags: Adicionar Tag
Sem tags, seja o primeiro a adicionar uma tag!

MARC

LEADER 00000nas2a2200000$$$4500
001 0015588
005 20250730114336.8
041 0 |a ger 
044 |a CZ 
245 1 0 |a Neue Richtungen in der tschechoslowakischen Ökonomie 
264 1 |a Prag  |b Pragopress  |c 1968 
300 |a 1 zv. 
773 0 |w eu_un_cat*0015585